000 00395nam a2200157Ia 4500
008 230711s9999||||xx |||||||||||||| ||und||
041 _aENG
082 _a720
_bSC-I
100 _aSchmid,Anne M
245 0 _aInternational hotel and resort design
250 _a1st Ed.
260 _c1988
_aNew Delhi
_bPBC International
650 _aArchitecture
700 _aMary Scoviak-Lerner
942 _cBK
999 _c2222
_d2222